00371nam a2200133Ia 450000500170000000800410001708200130005810000180007124500260008925000080011526000330012330000130015650000680016920250322121429.0240331s9999 xx 000 0 und d bRAVa894 aRaveendran, N 0aBharathiyin meignanam a2nd aMadrasbSuriya Achagamc1986 a201 p ., aA Book about Bharthiyin sinthanikal um avarin valakia varlarum